000 00814nam a2200253Ia 4500
003 OSt
005 20221005113443.0
006 a|||||r|||| 00| 0
007 ta
008 221004b |||||||| |||| 00| 0 pan d
024 _a117343
037 _cTextual
040 _aCRL
_cCRL
_bpan
041 _2pan
_apan
082 _aO153,2:g, P9
100 _aਰਪਾਲ ਸਿੰਘ
245 0 _aਪੰਜਾਬੀ ਨਾਟਕ
_b ਸਿਧਾਂਤ ਤੇ ਸਮੀਖਿਆ
260 _aਲੁਧਿਆਣਾ
_bਚੇਤਨਾ ਪ੍ਰਕਾਨ ਭਾਰਤ
_c2009
300 _a156ਪੰ
_ccm.
650 _a ਪੰਜਾਬੀ ਨਾਟਕ
650 _aਪੰਜਾਬੀ ਸਾਹਿਤ
942 _hO153,2:g, P9
_cTEXL
_2cc
999 _c1028239
_d1028239